| Tag |
First Indicator |
Second Indicator |
Subfields |
| LEADER |
00000cam a2200000 a 4500 |
| 001 |
in00000011189 |
| 005 |
20151007052014.0 |
| 008 |
840615c19861982enka b 00110 eng |
| 010 |
|
|
|a 84013107
|
| 020 |
|
|
|a 0471905631 :
|c $23.88
|
| 035 |
|
|
|a (OCoLC)10912735
|
| 035 |
|
|
|9 AAA5863AM
|
| 040 |
|
|
|a DLC
|c DLC
|d TXA
|d UtOrBLW
|
| 049 |
|
|
|a TXAM
|c [A11035104]
|
| 050 |
0 |
0 |
|a QA315
|b .T55 1986
|
| 082 |
0 |
|
|a 515/.64
|2 19
|
| 100 |
1 |
|
|a Tikhomirov, Vladimir M.
|q (Vladimir Mikhaĭlovich),
|d 1934-
|
| 245 |
1 |
0 |
|a Fundamental principles of the theory of extremal problems /
|c by Vladimir M. Tikhomirov ; translated by Bernd Luderer.
|
| 250 |
|
|
|a Licensed ed.
|
| 264 |
|
1 |
|a Chichester ;
|a New York :
|b Wiley,
|c 1986
|
| 264 |
|
4 |
|c ©1982
|
| 300 |
|
|
|a 136 pages :
|b illustrations ;
|c 24 cm.
|
| 336 |
|
|
|a text
|b txt
|2 rdacontent
|
| 337 |
|
|
|a unmediated
|b n
|2 rdamedia
|
| 338 |
|
|
|a volume
|b nc
|2 rdacarrier
|
| 500 |
|
|
|a Spine title: Theory of extremal problems.
|
| 500 |
|
|
|a "A Wiley-Interscience publication."
|
| 504 |
|
|
|a Bibliography: pages [127]-132.
|
| 500 |
|
|
|a Includes index.
|
| 650 |
|
0 |
|a Extremal problems (Mathematics)
|
| 650 |
|
0 |
|a Maxima and minima.
|
| 650 |
|
0 |
|a Calculus of variations.
|
| 740 |
0 |
|
|a Theory of extremal problems.
|
| 999 |
|
|
|a MARS
|
| 999 |
f |
f |
|s e292c82e-61e9-34dd-941f-319f3bc55040
|i 1ed4c65a-189c-3d64-9eab-a2536f568832
|t 0
|
| 952 |
f |
f |
|p ric
|a Texas A&M University
|b Rellis Campus
|c Joint Library Facility
|d Remote Storage
|t 0
|e QA315 .T55 1986
|h Library of Congress classification
|i unmediated -- volume
|m A14811035104
|
| 998 |
f |
f |
|a QA315 .T55 1986
|t 0
|l Remote Storage
|